| 000 | 00843nam a2200193 a 4500 | ||
|---|---|---|---|
| 005 | 20140414093850.0 | ||
| 008 | 130302s19uu xx uuu eng d | ||
| 020 | _a9781906345778 | ||
| 050 |
_aCDR 370.1 _bEXA 2012 |
||
| 100 | _aInternational Baccalaureate Organization | ||
| 245 |
_aExamination paper and markscheme pack : _bMay 2012 examination session / _cInternational Baccalaureate Organization. |
||
| 260 |
_aUnited Kingdom : _bIB Diploma Programme, _c2012. |
||
| 520 | _aThis comprehensive CD-ROM pack contains the IB DP exampination papers and markschemes for the May 2012 examination session. Presented in their original format, these papers areexecellent preparation for live examinations, and the accompanying marks. | ||
| 650 | _aExaminations | ||
| 650 | _aMarkscheme | ||
| 650 | _aTests | ||
| 942 | _cAVM | ||
| 999 |
_c109819 _d109819 |
||